00706nam a2200241Ia 4500008004100000041001200041082001000053082001100063100001900074100001100093245005000104260001400154260003100168260000900199300001500208365002500223650001800248650002400266650002300290942000700313999001900320952012500339150909s9999 xx 000 0 und d aEnglish a302.2 bDEO/AD aDeogaonkar S.G eAuthor aAdministration for rural development in India aNew Delhi bConcept Publishing Company c1982 a242 Pages aRs.80  aGlobal Survey aTeaching Techniques aTraining programme cBK c231968d231968 00104070aKAUCOAbKAUCOAd2015-09-16g80.00l0o302.2 DEO/ADpKAU-COA-14897 r2015-09-16 00:00:00w2015-09-16yBK